000 01155nam a22003857a 4500
001 jssz2zdfgt4fw05t
003 LIBRIS
005 20241031113846.0
008 181003s2019 xx |||||||||||000 0|eng|d
020 _a9780323479097
_qinbunden
035 _a(BOKR)9780323479097
040 _aBOKR
_ei
_cDLC
041 _aeng
080 _a616.6
_bC-73
100 1 _aTonelli, Marcello
_4aut
245 1 0 _aComprehensive clinical nephrology
250 _a6th edition
260 _bElsevier - Health Sciences Div,
_c2019
263 _a201808
300 _a1333 sidor
_cill
336 _btxt
_2rdacontent
337 _bn
_2rdamedia
338 _bnc
_2rdacarrier
340 _b28.4 cm
650 0 _9212
_anephrologi
653 _aმედიცინა
653 _aნეფროლოგია
655 4 _0https://id.kb.se/marc/NotFictionNotFurtherSpecified
700 _9214
_aFeehally,John
700 _9215
_aFloege,Jurgen
700 _9219
_aJohnson,J.richard
700 _9217
_aTonelli,Marcello
887 _a{"@id":"jssz2zdfgt4fw05t","modified":"2018-10-03T14:25:11.103+02:00","checksum":"30304488454"}
_2librisxl
942 _2udc
_cBK
999 _c325
_d325